सबकी धरती- सबका देश: (Record no. 197787)

MARC details
000 -LEADER
fixed length control field 00961nam a22001937a 4500
005 - DATE AND TIME OF LATEST TRANSACTION
control field 20230904114512.0
010 ## - LCCN (DPL NO)
LC control number B-755664 CHHN 23.8.23
020 ## - INTERNATIONAL STANDARD BOOK NUMBER
International Standard Book Number 9789392692239
Terms of availability 200.00
035 ## - SYSTEM CONTROL NUMBER
System control number B-755664
037 ## - SOURCE OF ACQUISITION
Stock number साहित्यागार प्रकाशक
082 ## - DEWEY DECIMAL CLASSIFICATION NUMBER
Classification number
100 ## - MAIN ENTRY--PERSONAL NAME
Personal name शर्मा, गोविंद
245 ## - TITLE STATEMENT
Title सबकी धरती- सबका देश:
Remainder of title बाल कहानी-संग्रह/
Statement of responsibility, etc गोविंद शर्मा
260 ## - PUBLICATION, DISTRIBUTION, ETC. (IMPRINT)
Place of publication, distribution, etc जयपुर
Name of publisher, distributor, etc साहित्यागार प्रकाशक
Date of publication, distribution, etc 2022
270 ## - ADDRESS
Address 958,धामानी मार्किट की गली,जयपुर
City जयपुर
300 ## - PHYSICAL DESCRIPTION
Extent 56पृ.
Other physical details सचित्र
Dimensions 25सेमी(सजिल्द)
942 ## - ADDED ENTRY ELEMENTS (KOHA)
Source of classification or shelving scheme Dewey Decimal Classification
Item type Children Books
Call number suffix शर्मागो
Classification part
Holdings
Withdrawn status Lost status Not for loan Collection code Home library Current library Date acquired Source of acquisition Cost, normal purchase price Full call number Barcode Copy number Cost, replacement price Koha item type
      Fiction Ashok Vihar Ashok Vihar 04/09/2023 उपहार/23.8.23 200.00 शर्मागो क B-755664 1 200.00 Children Books

© Delhi Public Library
Hit Counter
free hit counter